| 000 | 00799nam a2200217 a 4500 | ||
|---|---|---|---|
| 001 | 53016 | ||
| 005 | 20180714043106.0 | ||
| 008 | 140415s2000 xxu 000 0 eng d | ||
| 020 | _a0471330639 | ||
| 041 | _aeng | ||
| 082 |
_a658.044 _bSPE |
||
| 100 | 1 | _aSPEKMAN, ROBERT E. | |
| 245 | 1 | 0 |
_aALLIANCE COMPETENCE : _bMAXIMIZING THE VALUE OF YOUR PARTNERSHIPS |
| 250 | _a1a ed. | ||
| 260 |
_aESTADOS UNIDOS DE AMERICA : _bJOHN WILEY AND SONS, INC., _c2000 |
||
| 300 |
_a104 _c15.6 x 2.4 x 23.6 |
||
| 490 | _aEDUCACION ESPECIAL | ||
| 520 | _aTHIS BOOK GIVES US A FRAME FOR LEARNING, IN TERMS OF BASICS, IT´S THE BEST. A MUST-READ FOR THOSE SEEKING PROSPEROUS ALLIANCES. | ||
| 650 | 1 | 4 | _aALIANZAS ESTRATEGICAS (NEGOCIOS) |
| 700 | 1 |
_aMACAVOY, THOMAS C. -ISABELLA, LYNN A. _ecoaut. |
|
| 999 |
_c53016 _d53016 |
||